[Event "OEsterreichische Damenbundesliga 2014/2015"]
[Site "Hartkirchen, St. Veit, Mayrhofen"]
[Date "2015.03.19"]
[Round "7"]
[Board "1"]
[White "Teuschler, Barbara"]
[Black "Horvath, Reka"]
[Result "1-0"]
[WhiteElo "2167"]
[BlackElo "2012"]
[PlyCount "63"]
[EventDate "2014.10.03"]
[EventType "team"]
[EventRounds "9"]
[EventCountry "AUT"]
[WhiteTeam "ASVOE Pamhagen"]
[BlackTeam "SpG Feldbach-Kirchberg"]

1. e4 c5 2. Nf3 b6 3. Bc4 e6 4. O-O Bb7 5. Re1 d6 6. d4 cxd4 7. Nxd4 a6 8. Nc3
Nf6 9. Qf3 Nbd7 10. Qg3 Qc7 11. Bxe6 fxe6 12. Nxe6 Qc4 13. Nd5 Nxd5 14. exd5
Ne5 15. b3 Qg4 16. Qe3 Kd7 17. c4 Rb8 18. f4 Nf3+ 19. Qxf3 Qxf3 20. gxf3 Be7
21. Bb2 Bf6 22. Bxf6 gxf6 23. Kf2 Rhg8 24. Rg1 Ke7 25. Nd4 Kd7 26. Nf5 b5 27.
Rxg8 Rxg8 28. Re1 bxc4 29. Re7+ Kc8 30. Nxd6+ Kd8 31. Rxb7 c3 32. Rb8+ 1-0

[Event "OEsterreichische Damenbundesliga 2014/2015"]
[Site "Hartkirchen, St. Veit, Mayrhofen"]
[Date "2015.03.19"]
[Round "7"]
[Board "1"]
[White "Schnegg, Anna-Lena"]
[Black "Hackbarth, Christa"]
[Result "1-0"]
[WhiteElo "2072"]
[BlackElo "1880"]
[PlyCount "81"]
[EventDate "2014.10.03"]
[EventType "team"]
[EventRounds "9"]
[EventCountry "AUT"]
[WhiteTeam "Mayrhofen/SK Zell/Zillertal"]
[BlackTeam "SpG Steyr 2"]

1. e4 c6 2. d4 d5 3. Nc3 dxe4 4. Nxe4 Bf5 5. Ng3 Bg6 6. Nf3 Nd7 7. h4 h6 8. h5
Bh7 9. Bd3 Bxd3 10. Qxd3 e6 11. Bd2 Ngf6 12. O-O-O Qc7 13. Qe2 O-O-O 14. Ne5
Nxe5 15. dxe5 Nd5 16. f4 Be7 17. Kb1 g5 18. f5 Rhe8 19. f6 Bxf6 20. Rde1 Be7
21. Rhf1 Bf8 22. c4 Nb4 23. Rf3 Na6 24. Ref1 Re7 25. Ne4 Red7 26. Bc3 Nc5 27.
Nf6 Rd3 28. Rxd3 Nxd3 29. g3 Nc5 30. Rf3 Nd7 31. Ng4 Bg7 32. Rxf7 Bf8 33. Nf6
Qb6 34. Nxd7 Qg1+ 35. Rf1 Qxg3 36. Nxf8 Rd3 37. Nxe6 Re3 38. Qf2 Rxc3 39. Qf8+
Kd7 40. Qd8+ Kxe6 41. Qd6# 1-0

[Event "OEsterreichische Damenbundesliga 2014/2015"]
[Site "Hartkirchen, St. Veit, Mayrhofen"]
[Date "2015.03.19"]
[Round "7"]
[Board "2"]
[White "Bernhard, Julia"]
[Black "Roeck, Vanessa"]
[Result "1/2-1/2"]
[WhiteElo "1754"]
[BlackElo "1636"]
[PlyCount "120"]
[EventDate "2014.10.03"]
[EventType "team"]
[EventRounds "9"]
[EventCountry "AUT"]
[WhiteTeam "SpG Steyr 2"]
[BlackTeam "Mayrhofen/SK Zell/Zillertal"]

1. e4 d6 2. d4 Nf6 3. Nc3 g6 4. f3 c6 5. Be3 b5 6. a3 Bb7 7. Nh3 Nbd7 8. Qd2
Nb6 9. b3 Qc7 10. d5 a6 11. dxc6 Qxc6 12. Na2 d5 13. Nb4 Qd6 14. Qd4 Nbd7 15.
exd5 Bxd5 16. Rd1 Bb7 17. Qc3 Qe6 18. Kf2 Rc8 19. Qd2 Bg7 20. Nf4 Qe5 21. c4
bxc4 22. Bxc4 a5 23. Nbd3 Qc7 24. Rc1 Qd8 25. Rhd1 O-O 26. Qe2 Qe8 27. Bb5 Rxc1
28. Nxc1 Qc8 29. Qd2 Ne5 30. h3 Qc7 31. Nce2 Rc8 32. Rc1 Qd8 33. Rxc8 Qxc8 34.
Qxa5 Nd5 35. Nxd5 Bxd5 36. Ba6 Qa8 37. b4 Nc4 38. Bxc4 Qxa5 39. bxa5 Bxc4 40.
Nd4 Bxd4 41. Bxd4 Kf8 42. Ke3 Ke8 43. Bc5 Kd7 44. Bb4 e5 45. f4 Ke6 46. Bc3 f6
47. fxe5 fxe5 48. Ke4 Bd5+ 49. Ke3 Bxg2 50. a6 h5 51. Kf2 Bc6 52. a7 e4 53. Bd2
Kf5 54. Ke3 Ke5 55. a4 Kd5 56. Be1 Ba8 57. Kf4 Ke6 58. a5 Bc6 59. Bc3 Ba8 60.
Kg5 Kf7 1/2-1/2

[Event "OEsterreichische Damenbundesliga 2014/2015"]
[Site "Hartkirchen, St. Veit, Mayrhofen"]
[Date "2015.03.19"]
[Round "7"]
[Board "1"]
[White "Tarmastin, Laura"]
[Black "Molnar, Monika"]
[Result "1-0"]
[WhiteElo "1832"]
[BlackElo "1914"]
[PlyCount "111"]
[EventDate "2014.10.03"]
[EventType "team"]
[EventRounds "9"]
[EventCountry "AUT"]
[WhiteTeam "SV Autohof St. Veit/Glan"]
[BlackTeam "Spg Steyr 1"]

1. e4 d5 2. exd5 Qxd5 3. Nc3 Qa5 4. d4 Nf6 5. Bd2 c6 6. Bc4 Bf5 7. Nf3 e6 8.
Nd5 Qd8 9. Nxf6+ gxf6 10. Bb3 Rg8 11. Qe2 Bg4 12. O-O-O Na6 13. Kb1 Qc7 14. h3
Bxf3 15. gxf3 O-O-O 16. Bxe6+ Kb8 17. Bb3 Bd6 18. Qc4 Rg7 19. Rhg1 Rdg8 20.
Rxg7 Rxg7 21. Re1 Qd7 22. a3 Nc7 23. Bb4 Nb5 24. d5 Bxb4 25. Qxb4 Nd6 26. Ba4
b5 27. dxc6 Qxc6 28. Bxb5 Qb6 29. Bd3 Qxb4 30. axb4 Rg2 31. Re2 Rh2 32. Bxh7
Rxh3 33. Be4 Nb5 34. Rd2 Kc7 35. Ka2 Nd6 36. b3 f5 37. Bd5 Rh4 38. c4 f6 39.
Kb2 Rh3 40. Re2 Nc8 41. c5 Rh4 42. Kc3 Rh1 43. Re6 Rd1 44. Kc4 Rc1+ 45. Kb5 Rd1
46. Bc4 Rd2 47. Rxf6 Rxf2 48. Rf7+ Kd8 49. Be6 Ne7 50. Bxf5 Rxf3 51. Be6 Rxf7
52. Bxf7 Kc7 53. Ka6 Kb8 54. b5 Ka8 55. b6 Nf5 56. Bd5+ 1-0

[Event "OEsterreichische Damenbundesliga 2014/2015"]
[Site "Hartkirchen, St. Veit, Mayrhofen"]
[Date "2015.03.19"]
[Round "7"]
[Board "2"]
[White "Nagy, Laura"]
[Black "Krassnitzer, Maria"]
[Result "0-1"]
[WhiteElo "1880"]
[BlackElo "1560"]
[PlyCount "74"]
[EventDate "2014.10.03"]
[EventType "team"]
[EventRounds "9"]
[EventCountry "AUT"]
[WhiteTeam "Spg Steyr 1"]
[BlackTeam "SV Autohof St. Veit/Glan"]

1. e4 d5 2. exd5 Qxd5 3. Nc3 Qa5 4. d4 Nf6 5. Nf3 Bf5 6. Bd2 c6 7. Bc4 Nbd7 8.
Nd5 Qd8 9. Nxf6+ Nxf6 10. c3 e6 11. Bg5 Qc7 12. Qe2 O-O-O 13. h3 h6 14. Bh4 Bd6
15. g4 Bh7 16. Ne5 Rhe8 17. f4 c5 18. O-O-O cxd4 19. Rxd4 g5 20. Bg3 Bxe5 21.
Rxd8+ Rxd8 22. fxe5 Ne4 23. Be1 Qxe5 24. Rf1 Qc7 25. Bd3 Nxc3 26. Bxc3 Bxd3 27.
Qf2 Bxf1 28. Qxf1 Qf4+ 29. Qxf4 gxf4 30. Bd2 e5 31. Kd1 Rd3 32. h4 Rg3 33. Be1
Rxg4 34. Kd2 e4 35. Bf2 Rg2 36. Ke1 Rxf2 37. Kxf2 Kd7 0-1

[Event "OEsterreichische Damenbundesliga 2014/2015"]
[Site "Hartkirchen, St. Veit, Mayrhofen"]
[Date "2015.03.19"]
[Round "7"]
[Board "1"]
[White "Stallinger, Vanessa"]
[Black "Mattersberger, Melanie"]
[Result "0-1"]
[WhiteElo "1572"]
[BlackElo "1677"]
[PlyCount "46"]
[EventDate "2014.10.03"]
[EventType "team"]
[EventRounds "9"]
[EventCountry "AUT"]
[WhiteTeam "SK Advisory Invest Baden"]
[BlackTeam "SV Extraherb WS"]

1. e4 e5 2. Nf3 Nc6 3. Bb5 Bc5 4. O-O d6 5. h3 Nf6 6. Re1 O-O 7. c3 a6 8. Ba4
Re8 9. d4 exd4 10. e5 dxe5 11. Nxe5 Rxe5 12. Rxe5 Nxe5 13. Bg5 Be6 14. Nd2 dxc3
15. bxc3 h6 16. Bh4 Ng6 17. Bg3 Bd6 18. Bxd6 Qxd6 19. Qc2 b5 20. Bb3 Bxb3 21.
axb3 Rd8 22. Nf3 Nf4 23. Qf5 g6 0-1

[Event "OEsterreichische Damenbundesliga 2014/2015"]
[Site "Hartkirchen, St. Veit, Mayrhofen"]
[Date "2015.03.19"]
[Round "7"]
[Board "2"]
[White "Tschida, Verena"]
[Black "Panzenboeck, Sophie"]
[Result "1-0"]
[WhiteElo "1684"]
[BlackElo "1454"]
[PlyCount "55"]
[EventDate "2014.10.03"]
[EventType "team"]
[EventRounds "9"]
[EventCountry "AUT"]
[WhiteTeam "SV Extraherb WS"]
[BlackTeam "SK Advisory Invest Baden"]

1. d4 d5 2. Nf3 Nf6 3. c4 e6 4. Bg5 Be7 5. e3 Nbd7 6. Nc3 c6 7. Bd3 dxc4 8.
Bxc4 b5 9. Bd3 Nb6 10. Rc1 Bb7 11. O-O h6 12. Bh4 g5 13. Bg3 Nh5 14. Ne4 Nxg3
15. Nxg3 Rc8 16. Ne4 h5 17. b3 h4 18. Nc5 Qc7 19. Ne5 a6 20. Qf3 Bd6 21. Nxe6
Qe7 22. Ng7+ Kd8 23. Nxf7+ Kc7 24. Nxh8 Qxg7 25. Qf7+ Qxf7 26. Nxf7 Ba3 27. Rc2
Rg8 28. Be4 1-0

[Event "OEsterreichische Damenbundesliga 2014/2015"]
[Site "Hartkirchen, St. Veit, Mayrhofen"]
[Date "2015.03.20"]
[Round "8"]
[Board "1"]
[White "Novkovic, Julia"]
[Black "Landl, Margot"]
[Result "0-1"]
[WhiteElo "2156"]
[BlackElo "1804"]
[PlyCount "66"]
[EventDate "2014.10.03"]
[EventType "team"]
[EventRounds "9"]
[EventCountry "AUT"]
[WhiteTeam "SK Dornbirn"]
[BlackTeam "SC Pinggau Friedberg"]

1. e4 e5 2. Nf3 Nc6 3. Bb5 a6 4. Bxc6 dxc6 5. Nc3 f6 6. d4 exd4 7. Qxd4 Qxd4 8.
Nxd4 Bd7 9. Be3 O-O-O 10. O-O-O Ne7 11. Nb3 b6 12. Rhe1 Ng6 13. f3 Bb4 14. Bd2
Bd6 15. Ne2 h5 16. g3 Ne5 17. Ng1 c5 18. Be3 Be6 19. Kb1 h4 20. Bf4 hxg3 21.
hxg3 g5 22. Bc1 Ng6 23. g4 Rh2 24. Nd2 Rdh8 25. Nf1 Rh1 26. Be3 Nh4 27. Rd2
Rxg1 28. Bxg1 Nxf3 29. Red1 Nxd2+ 30. Nxd2 Bxg4 31. Rf1 Bf4 32. Nc4 Be2 33. Nd2
Bxf1 0-1

[Event "OEsterreichische Damenbundesliga 2014/2015"]
[Site "Hartkirchen, St. Veit, Mayrhofen"]
[Date "2015.03.20"]
[Round "8"]
[Board "2"]
[White "Steiner, Magdalena"]
[Black "Froewis, Annika"]
[Result "0-1"]
[WhiteElo "1653"]
[BlackElo "1991"]
[PlyCount "68"]
[EventDate "2014.10.03"]
[EventType "team"]
[EventRounds "9"]
[EventCountry "AUT"]
[WhiteTeam "SC Pinggau Friedberg"]
[BlackTeam "SK Dornbirn"]

1. d4 d5 2. Nf3 Nf6 3. Bf4 c5 4. c3 e6 5. e3 Nc6 6. Nbd2 Bd6 7. Bg3 O-O 8. Bd3
Qe7 9. O-O e5 10. dxe5 Nxe5 11. Nxe5 Bxe5 12. Bxe5 Qxe5 13. Nf3 Qh5 14. Qc2 c4
15. Be2 Re8 16. Nd4 Qe5 17. h3 Ne4 18. Bf3 Nc5 19. Rad1 Bd7 20. b4 Ba4 21. Qf5
Bxd1 22. Rxd1 Ne4 23. Bxe4 Qxe4 24. Qd7 Re7 25. Qd6 Qe5 26. Qc5 Rc7 27. Qb5 Rd8
28. Nf3 Qd6 29. e4 Qc6 30. Rxd5 Rxd5 31. Qxd5 Qxd5 32. exd5 Rd7 33. a4 Rxd5 34.
Nd4 Rxd4 0-1

[Event "OEsterreichische Damenbundesliga 2014/2015"]
[Site "Hartkirchen, St. Veit, Mayrhofen"]
[Date "2015.03.20"]
[Round "8"]
[Board "1"]
[White "Teuschler, Barbara"]
[Black "Kopinits, Anna-Christina"]
[Result "0-1"]
[WhiteElo "2167"]
[BlackElo "2225"]
[PlyCount "60"]
[EventDate "2014.10.03"]
[EventType "team"]
[EventRounds "9"]
[EventCountry "AUT"]
[WhiteTeam "ASVOE Pamhagen"]
[BlackTeam "ASVOE Wulkaprodersdorf"]

1. e4 c6 2. d4 d5 3. Nc3 dxe4 4. Nxe4 Nf6 5. Nxf6+ gxf6 6. Nf3 Bg4 7. c3 Nd7 8.
Be2 Qc7 9. Nh4 Bxe2 10. Qxe2 e6 11. O-O O-O-O 12. g3 Bd6 13. b4 f5 14. Qf3 Rdg8
15. Ng2 Nf6 16. Bf4 Ne4 17. c4 h5 18. Bxd6 Qxd6 19. Qf4 Qxf4 20. Nxf4 Nd2 21.
Rfc1 Nf3+ 22. Kf1 Nxd4 23. Ne2 Nf3 24. Kg2 Ne5 25. c5 h4 26. h3 Rd8 27. Rd1 Nd3
28. Rab1 Rd5 29. Kf3 hxg3 30. Kxg3 Rxh3+ 0-1

[Event "OEsterreichische Damenbundesliga 2014/2015"]
[Site "Hartkirchen, St. Veit, Mayrhofen"]
[Date "2015.03.20"]
[Round "8"]
[Board "2"]
[White "Exler, Veronika"]
[Black "Hapala, Elisabeth"]
[Result "0-1"]
[WhiteElo "2213"]
[BlackElo "2074"]
[PlyCount "84"]
[EventDate "2014.10.03"]
[EventType "team"]
[EventRounds "9"]
[EventCountry "AUT"]
[WhiteTeam "ASVOE Wulkaprodersdorf"]
[BlackTeam "ASVOE Pamhagen"]

1. d4 d5 2. c4 c6 3. Nf3 Nf6 4. g3 Bf5 5. Qb3 Qb6 6. c5 Qxb3 7. axb3 e6 8. Nc3
Nbd7 9. b4 Ne4 10. b5 Nxc3 11. bxc6 bxc6 12. bxc3 a5 13. Nh4 Bc2 14. Kd2 Bb3
15. e3 Be7 16. Ra3 a4 17. Bd3 Bxh4 18. gxh4 f5 19. Bc2 Bxc2 20. Kxc2 Kf7 21.
Bd2 Ra7 22. Rb1 Rb8 23. Rxb8 Nxb8 24. f3 Nd7 25. c4 dxc4 26. Kc3 e5 27. Kxc4
exd4 28. Kxd4 Ke6 29. f4 Nf6 30. Kc4 Ng4 31. h3 Nf2 32. Bc3 Ne4 33. Bd4 g6 34.
Ra2 a3 35. Kb3 Kd5 36. Rxa3 Rxa3+ 37. Kxa3 Nxc5 38. Bxc5 Kxc5 39. Kb3 Kd5 40.
Kc3 Ke4 41. Kd2 c5 42. h5 gxh5 0-1

[Event "OEsterreichische Damenbundesliga 2014/2015"]
[Site "Hartkirchen, St. Veit, Mayrhofen"]
[Date "2015.03.20"]
[Round "8"]
[Board "1"]
[White "Truszkiewicz, Eliza"]
[Black "Anker, Christin"]
[Result "1-0"]
[WhiteElo "1929"]
[BlackElo "1852"]
[PlyCount "73"]
[EventDate "2014.10.03"]
[EventType "team"]
[EventRounds "9"]
[EventCountry "AUT"]
[WhiteTeam "SV Schachamazonen"]
[BlackTeam "Schach ohne Grenzen"]

1. e4 e5 2. Nf3 Nc6 3. Bc4 Bc5 4. c3 Nf6 5. d3 a6 6. Bb3 Ba7 7. Nbd2 d6 8. Nc4
h6 9. Ne3 Ne7 10. Nh4 Be6 11. Qf3 Bxb3 12. axb3 Bxe3 13. Bxe3 Qd7 14. b4 Qg4
15. g3 g5 16. Qxf6 Rh7 17. Qf3 f5 18. Qxg4 fxg4 19. Ng2 O-O-O 20. b5 axb5 21.
Ra8+ Kd7 22. Rxd8+ Kxd8 23. Ke2 Kd7 24. Ra1 Rh8 25. Bd2 Rg8 26. Ne3 h5 27. Nd5
Nxd5 28. exd5 c6 29. dxc6+ Kxc6 30. Be3 d5 31. Ra5 Rg6 32. Ra8 h4 33. Rf8 hxg3
34. hxg3 Kd6 35. Rf5 Rg8 36. Rxg5 Rxg5 37. Bxg5 1-0

[Event "OEsterreichische Damenbundesliga 2014/2015"]
[Site "Hartkirchen, St. Veit, Mayrhofen"]
[Date "2015.03.20"]
[Round "8"]
[Board "2"]
[White "Wunderl, Eva"]
[Black "Schmidbauer, Andrea"]
[Result "1-0"]
[WhiteElo "1882"]
[BlackElo "1886"]
[PlyCount "81"]
[EventDate "2014.10.03"]
[EventType "team"]
[EventRounds "9"]
[EventCountry "AUT"]
[WhiteTeam "Schach ohne Grenzen"]
[BlackTeam "SV Schachamazonen"]

1. e4 e6 2. d4 d5 3. Nd2 Nf6 4. e5 Nfd7 5. Bd3 c5 6. c3 Nc6 7. Ne2 Qb6 8. Nf3
cxd4 9. cxd4 Be7 10. O-O O-O 11. Bb1 f6 12. exf6 Bxf6 13. Qd3 g6 14. a3 Bg7 15.
b4 Nf6 16. Ng3 Bd7 17. Rd1 Rac8 18. Ra2 Ne7 19. Bg5 Bb5 20. Qd2 Nf5 21. Nxf5
exf5 22. Bxf6 Bxf6 23. Ne5 Ba4 24. Bc2 Bxc2 25. Rxc2 Rxc2 26. Qxc2 Qe6 27. Qc7
Rc8 28. Qxb7 Bxe5 29. dxe5 Rc3 30. Qb8+ Kg7 31. Qxa7+ Kh6 32. f4 g5 33. fxg5+
Kxg5 34. Qg7+ Kf4 35. Qf6 Qc8 36. e6 Re3 37. Rf1+ Ke4 38. Qxf5+ Kd4 39. Rd1+
Kc3 40. Rc1+ Kd2 41. Rxc8 1-0

[Event "OEsterreichische Damenbundesliga 2014/2015"]
[Site "Hartkirchen, St. Veit, Mayrhofen"]
[Date "2015.03.20"]
[Round "8"]
[Board "1"]
[White "Horvath, Reka"]
[Black "Schnegg, Anna-Lena"]
[Result "1-0"]
[WhiteElo "2012"]
[BlackElo "2072"]
[PlyCount "117"]
[EventDate "2014.10.03"]
[EventType "team"]
[EventRounds "9"]
[EventCountry "AUT"]
[WhiteTeam "SpG Feldbach-Kirchberg"]
[BlackTeam "Mayrhofen/SK Zell/Zillertal"]

1. Nf3 c5 2. g3 Nc6 3. Bg2 g6 4. c4 Bg7 5. Nc3 d6 6. O-O e5 7. d3 Nge7 8. Bg5
h6 9. Bd2 O-O 10. e3 Be6 11. Rc1 Qd7 12. Re1 Rac8 13. Ne2 b6 14. Bc3 d5 15. d4
cxd4 16. exd4 e4 17. cxd5 exf3 18. dxe6 fxe2 19. exd7 exd1=Q 20. Rcxd1 Rcd8 21.
d5 Bxc3 22. bxc3 Nxd5 23. Rxd5 f6 24. f4 Nb8 25. Bh3 f5 26. Re6 Rxd7 27. Rxd7
Nxd7 28. Rxg6+ Kh7 29. Re6 Rf7 30. Bxf5+ Rxf5 31. Re7+ Kg6 32. Rxd7 Ra5 33. Rd2
Rc5 34. Rd6+ Kh5 35. Kg2 Rxc3 36. Kh3 Rf3 37. a4 Ra3 38. Rc6 Rd3 39. a5 bxa5
40. Rc5+ Kg6 41. Rxa5 Rd7 42. g4 Rf7 43. Ra6+ Rf6 44. Ra4 a6 45. Kh4 Rb6 46.
Ra5 Kg7 47. f5 Kf6 48. Kh5 Kf7 49. h4 Kg7 50. g5 hxg5 51. hxg5 Rb1 52. Rxa6
Rh1+ 53. Kg4 Rg1+ 54. Kf4 Rf1+ 55. Ke5 Re1+ 56. Kd6 Rg1 57. Ra7+ Kg8 58. g6 Re1
59. Re7 1-0

[Event "OEsterreichische Damenbundesliga 2014/2015"]
[Site "Hartkirchen, St. Veit, Mayrhofen"]
[Date "2015.03.20"]
[Round "8"]
[Board "2"]
[White "Eichhorner, Isabella"]
[Black "Wilfling, Sandra"]
[Result "0-1"]
[WhiteElo "1233"]
[BlackElo "1852"]
[PlyCount "98"]
[EventDate "2014.10.03"]
[EventType "team"]
[EventRounds "9"]
[EventCountry "AUT"]
[WhiteTeam "Mayrhofen/SK Zell/Zillertal"]
[BlackTeam "SpG Feldbach-Kirchberg"]

1. e4 d5 2. exd5 Qxd5 3. Nc3 Qa5 4. Bc4 Nf6 5. Nf3 Bg4 6. d4 c6 7. Bd2 Qc7 8.
Qe2 e6 9. h3 Bh5 10. a3 Be7 11. O-O-O Nbd7 12. g4 Bg6 13. Ne5 Nd5 14. Nxd5 cxd5
15. Bd3 Bxd3 16. Nxd3 Rc8 17. c3 Qc4 18. Nf4 Qxd4 19. b4 Qc4 20. Qxc4 Rxc4 21.
Nd3 O-O 22. f4 a5 23. Kb2 Rfc8 24. Rc1 Ra8 25. Ra1 Nb6 26. Ne5 Rc7 27. Be3 Na4+
28. Kb3 Rxc3+ 29. Kxa4 Rxe3 30. bxa5 f6 31. Nd7 Re4+ 32. Kb5 Rxf4 33. Rhc1 Bd6
34. Nb6 Rd8 35. Rc3 Be5 36. Rac1 Bxc3 37. Rxc3 d4 38. Rd3 e5 39. a6 bxa6+ 40.
Kxa6 e4 41. Rb3 e3 42. Nd5 Rxd5 43. Rb8+ Kf7 44. Rb7+ Kg6 45. a4 d3 46. a5 d2
47. Rb1 d1=Q 48. Rxd1 Rxd1 49. Kb6 Rb1+ 0-1

[Event "OEsterreichische Damenbundesliga 2014/2015"]
[Site "Hartkirchen, St. Veit, Mayrhofen"]
[Date "2015.03.20"]
[Round "8"]
[Board "1"]
[White "Trippold, Denise"]
[Black "Tarmastin, Laura"]
[Result "1-0"]
[WhiteElo "2043"]
[BlackElo "1832"]
[PlyCount "73"]
[EventDate "2014.10.03"]
[EventType "team"]
[EventRounds "9"]
[EventCountry "AUT"]
[WhiteTeam "SK Advisory Invest Baden"]
[BlackTeam "SV Autohof St. Veit/Glan"]

1. d4 Nf6 2. c4 g6 3. Nc3 Bg7 4. e4 d6 5. h3 O-O 6. Nf3 e5 7. d5 Nh5 8. g3 Qe8
9. Be2 Na6 10. Be3 Bd7 11. Nd2 Nf6 12. a3 c6 13. b4 Qc8 14. g4 Kh8 15. Rc1 Ne8
16. Rg1 Qd8 17. g5 f5 18. exf5 gxf5 19. f4 Qe7 20. Nf3 Nec7 21. Qd2 Rfe8 22.
Kd1 Rac8 23. h4 exf4 24. Bd4 cxd5 25. cxd5 Kg8 26. Re1 Qf7 27. Bxg7 Kxg7 28.
Qxf4 Kg8 29. Qxd6 Ba4+ 30. Nxa4 Red8 31. Qf4 Qxd5+ 32. Nd2 Qb3+ 33. Rc2 Qb1+
34. Rc1 Qb3+ 35. Rc2 Ne6 36. Bc4 Rxc4 37. Qxc4 1-0

[Event "OEsterreichische Damenbundesliga 2014/2015"]
[Site "Hartkirchen, St. Veit, Mayrhofen"]
[Date "2015.03.20"]
[Round "8"]
[Board "2"]
[White "Krassnitzer, Maria"]
[Black "Panzenboeck, Sophie"]
[Result "1/2-1/2"]
[WhiteElo "1560"]
[BlackElo "1454"]
[PlyCount "65"]
[EventDate "2014.10.03"]
[EventType "team"]
[EventRounds "9"]
[EventCountry "AUT"]
[WhiteTeam "SV Autohof St. Veit/Glan"]
[BlackTeam "SK Advisory Invest Baden"]

1. d4 c5 2. Nf3 cxd4 3. Nxd4 e5 4. Nb3 d5 5. Nc3 Nf6 6. Bg5 d4 7. Ne4 Nbd7 8.
e3 dxe3 9. Nxf6+ Nxf6 10. Qxd8+ Kxd8 11. O-O-O+ Kc7 12. Bxf6 gxf6 13. fxe3 Bh6
14. Rd3 Be6 15. Kb1 Rad8 16. Rc3+ Kb8 17. Bb5 Bd5 18. Rg1 Rc8 19. Nc5 Rxc5 20.
Rxc5 Bxa2+ 21. Kxa2 Bxe3 22. Rf1 Bxc5 23. Rxf6 Rg8 24. g3 Bg1 25. Rxf7 Bxh2 26.
Rxh7 Bxg3 27. Bc4 Rd8 28. Bd3 Rd6 29. Re7 Rd4 30. Bf5 b5 31. Bd3 a6 32. Bf5 Rd6
33. Kb3 1/2-1/2

[Event "OEsterreichische Damenbundesliga 2014/2015"]
[Site "Hartkirchen, St. Veit, Mayrhofen"]
[Date "2015.03.20"]
[Round "8"]
[Board "1"]
[White "Mattersberger, Melanie"]
[Black "Hackbarth, Christa"]
[Result "0-1"]
[WhiteElo "1677"]
[BlackElo "1880"]
[PlyCount "98"]
[EventDate "2014.10.03"]
[EventType "team"]
[EventRounds "9"]
[EventCountry "AUT"]
[WhiteTeam "SV Extraherb WS"]
[BlackTeam "SpG Steyr 2"]

1. e4 c6 2. c4 d5 3. exd5 cxd5 4. cxd5 Qxd5 5. Nc3 Qa5 6. Nf3 Nc6 7. Bc4 e6 8.
O-O Nf6 9. d4 Be7 10. a3 O-O 11. Bg5 Rd8 12. b4 Qc7 13. Ba2 Nxd4 14. Rc1 Nxf3+
15. Qxf3 Qe5 16. Bf4 Qh5 17. Qg3 Bd7 18. h3 Bc6 19. Be5 Qg6 20. Qh2 Qd3 21. Bb1
Qa6 22. Qg3 Qxa3 23. Nd5 Qxg3 24. Nxe7+ Kf8 25. fxg3 Kxe7 26. Bxf6+ gxf6 27.
Bxh7 Rd2 28. Rf2 Rad8 29. Rxd2 Rxd2 30. Rc2 Rd4 31. Rb2 f5 32. b5 Bd5 33. Rf2
Rb4 34. h4 Rxb5 35. h5 Rb4 36. h6 Kf6 37. Bg8 Kg6 38. h7 Kg7 39. Rc2 Rc4 40.
Re2 a5 41. Re3 a4 42. Kf2 Rc2+ 43. Kg1 Rxg2+ 44. Kf1 Rc2 45. g4 fxg4 46. Re5 a3
47. Rg5+ Kh8 48. Bxf7 Kxh7 49. Bg6+ Kh6 0-1

[Event "OEsterreichische Damenbundesliga 2014/2015"]
[Site "Hartkirchen, St. Veit, Mayrhofen"]
[Date "2015.03.20"]
[Round "8"]
[Board "2"]
[White "Bernhard, Julia"]
[Black "Tschida, Verena"]
[Result "1/2-1/2"]
[WhiteElo "1754"]
[BlackElo "1684"]
[PlyCount "94"]
[EventDate "2014.10.03"]
[EventType "team"]
[EventRounds "9"]
[EventCountry "AUT"]
[WhiteTeam "SpG Steyr 2"]
[BlackTeam "SV Extraherb WS"]

1. e4 c5 2. Nf3 Nc6 3. c3 g6 4. d4 cxd4 5. cxd4 Bg7 6. Nc3 d6 7. Bb5 Bd7 8. O-O
a6 9. Bc4 b5 10. Bb3 Na5 11. Bf4 Nxb3 12. Qxb3 Be6 13. d5 Bg4 14. Nd2 Nf6 15.
a4 bxa4 16. Qxa4+ Bd7 17. Qc4 Qb6 18. Be3 Qb7 19. Ra2 O-O 20. Rfa1 Rfc8 21. Qd3
Ng4 22. Bd4 Ne5 23. Qf1 Qb4 24. Bxe5 Bxe5 25. Qe1 Bxc3 26. bxc3 Qxc3 27. Rxa6
Rxa6 28. Rxa6 Qc1 29. Ra1 Qxe1+ 30. Rxe1 Rc2 31. Nf3 Bg4 32. Nd4 Rc7 33. f3 Bd7
34. Rb1 Kg7 35. Rb6 h5 36. h4 Kf8 37. Rb8+ Rc8 38. Rb7 Ke8 39. Kf2 Kd8 40. Ke3
Rc7 41. Rb8+ Rc8 42. Rb4 f6 43. Kf4 Rc7 44. g4 hxg4 45. fxg4 Ke8 46. g5 Kf7 47.
gxf6 Kxf6 1/2-1/2

[Event "OEsterreichische Damenbundesliga 2014/2015"]
[Site "Hartkirchen, St. Veit, Mayrhofen"]
[Date "2015.03.21"]
[Round "9"]
[Board "1"]
[White "Wunderl, Eva"]
[Black "Nussbaumer, Alexa"]
[Result "1-0"]
[WhiteElo "1882"]
[BlackElo "1199"]
[PlyCount "35"]
[EventDate "2014.10.03"]
[EventType "team"]
[EventRounds "9"]
[EventCountry "AUT"]
[WhiteTeam "Schach ohne Grenzen"]
[BlackTeam "SK Dornbirn"]

1. e4 e5 2. Nf3 Nc6 3. d4 exd4 4. Bc4 Bc5 5. c3 dxc3 6. Bxf7+ Kf8 7. Bxg8 Rxg8
8. Nxc3 Bb4 9. Bd2 d6 10. Qb3 Qf6 11. O-O Be6 12. Nd5 Nd4 13. Nxd4 Bxd5 14.
exd5 Bxd2 15. Qxb7 Qd8 16. Ne6+ Ke7 17. Nxd8 Rgxd8 18. Qxc7+ 1-0

[Event "OEsterreichische Damenbundesliga 2014/2015"]
[Site "Hartkirchen, St. Veit, Mayrhofen"]
[Date "2015.03.21"]
[Round "9"]
[Board "2"]
[White "Martic, Matea"]
[Black "Polterauer, Chiara"]
[Result "0-1"]
[WhiteElo "1250"]
[BlackElo "1850"]
[PlyCount "90"]
[EventDate "2014.10.03"]
[EventType "team"]
[EventRounds "9"]
[EventCountry "AUT"]
[WhiteTeam "SK Dornbirn"]
[BlackTeam "Schach ohne Grenzen"]

1. e4 e5 2. Nf3 Nc6 3. Bb5 a6 4. Ba4 Nf6 5. O-O Be7 6. Re1 b5 7. Bb3 d6 8. c3
O-O 9. h3 Na5 10. Bc2 c5 11. d4 Qc7 12. Nbd2 Rd8 13. Nf1 g6 14. Ng3 Bf8 15. Bg5
Bg7 16. Qd2 Nc4 17. Qc1 Bd7 18. b3 Nb6 19. Qd2 Rdc8 20. Rac1 a5 21. Bh6 c4 22.
Bd1 Be6 23. Qg5 Bxh6 24. Qxh6 cxb3 25. axb3 a4 26. d5 Bd7 27. Ng5 axb3 28. Rb1
b2 29. Rxb2 Qxc3 30. Rbe2 Nc4 31. Nh5 gxh5 32. Qxf6 Be8 33. Qh6 Ra1 34. Qxh7+
Kf8 35. Qxh5 b4 36. Rf1 b3 37. Nh7+ Ke7 38. Qg5+ Kd7 39. Qg4+ Kc7 40. Qf3 Qxf3
41. gxf3 b2 42. Bc2 Bb5 43. Ree1 Rca8 44. Kg2 Nd2 45. Rh1 Rg8+ 0-1

[Event "OEsterreichische Damenbundesliga 2014/2015"]
[Site "Hartkirchen, St. Veit, Mayrhofen"]
[Date "2015.03.21"]
[Round "9"]
[Board "1"]
[White "Hackbarth, Christa"]
[Black "Truszkiewicz, Eliza"]
[Result "1/2-1/2"]
[WhiteElo "1880"]
[BlackElo "1929"]
[PlyCount "42"]
[EventDate "2014.10.03"]
[EventType "team"]
[EventRounds "9"]
[EventCountry "AUT"]
[WhiteTeam "SpG Steyr 2"]
[BlackTeam "SV Schachamazonen"]

1. d4 g6 2. Bf4 Bg7 3. e3 d5 4. Nf3 Bf5 5. Bd3 Bxd3 6. Qxd3 a6 7. Nbd2 Nd7 8.
O-O c5 9. c3 c4 10. Qc2 f5 11. b3 b5 12. bxc4 bxc4 13. Rab1 Ngf6 14. Ng5 Nf8
15. Rb7 h6 16. Ngf3 N6d7 17. Bc7 Qc8 18. Rfb1 Ne6 19. Bg3 Nef8 20. Bc7 Ne6 21.
Bg3 Nef8 1/2-1/2